1135 1157 1956 1224 1421 1404 1529 1639 1085 1485 1329 1749 1268 1255 1549 1285 1137 1333 1933 1147 1025 1456 1378 1404 1457 1545 1596 1251 1679 1164 1349 1913 1892 1579 1802 1177 1278 1382 1729 1119 1676 1973 1958 1136 1730 1865 1750 1565 1022 1466 1871 1652 1277 1806 1822 1191 1589 1770 1386 1183 1205 1195 1826 1598 1905 1672 1708 1926 1358 1991 1657 1677 1345 1793 1352 1848 1024 1513 1804 1698 1174 1485 1694 1866 1141 1231 1037 1043 1355 1114 1812 1264 1005 1686 1888 1518 1753 1944 1413 BCNSPRNW ULIB Ver.6.0+V

เปลี่ยนเป็นภาษาไทย

Change to English
 แสดงรายละเอียดบรรณานุกรม
  กลับหน้าหลัก

Brief Record : Get Marc (ISO 2709) : E-mail record : QR code < ปิดหน้าต่าง
LEADER : 00000nam 2200000uu 4500
001    13399109963
003     ULIB
008    110419s2550||||th 000 0 tha d
020    9789749508886
060 04 WE708^bส793ป 2550
100 0  สุรศักดิ์ ศรีสุข
245 10 ปวดคอ /^cโดย สุรศักดิ์ ศรีสุข, เล็ก ปริวิสุทธิ์, นวลอนงค์ชัยปิยะพร
250    ฉบับแก้ไขปรับปรุง ครั้งที่ 7
260    กรุงเทพฯ :^bหมอชาวบ้าน,^c2550
300    40 หน้า :^bภาพประกอบ ;^c21 ซม.
440  0 คู่มือรักษาตนเองชุดปวดข้อ
650  7 ปวดคอ
650  7 ปวดคอ^xกายภาพบำบัด
700 0  เล็ก ปริวิสุทธิ์
700 0  นวลอนงค์ ชัยปิยะพร
945    ^p50^l0^i025338
945    ^p50^l0^i025337
995    ทศพร
999 ^a ใช้งานได้ทุกระบบ
รายการนี้ยังไม่มีแท็ก
คุณยังไม่ได้ล็อกอิน คุณสามารถมีกิจกรรมร่วมกับเว็บไซต์ได้ แต่ต้องล็อกอินก่อน ::
  ล็อกอิน

รายการสื่อสารสนเทศ

ลำดับที่ ประเภท เลขเรียก/บาร์โค้ด สถานที่ สถานะ
- ไม่พบข้อมูล -

รายการใกล้เคียง
    ผู้แต่ง [สุรศักดิ์ ศรีสุข]

    หัวเรื่อง [ปวดคอ]

BibComment


ยังไม่เคยถูกคอมเมนท์

คอมเมนท์ทรัพยากรรายการนี้
  คอมเมนท์: ปวดคอ โดย สุรศัก..


 Copyright 2026. Bcnsprnw @Library